Statistics for They Shoot Pictures, Don't They? - films 681 to 700

Click here to take the quiz!

General Stats

  • This quiz has been taken 17 times
  • The average score is 8 of 20

Answer Stats

Answer% Correct
Toy Story
100%
Thelma and Louise
93%
The Royal Tenenbaums
53%
Before Sunset
47%
The Purple Rose of Cairo
47%
Top Hat
47%
Local Hero
40%
Triumph of the Will
40%
Wild at Heart
40%
The Hawks and the Sparrows
33%
The Holy Mountain
33%
The Piano Teacher
33%
Il Grido
27%
Lancelot du Lac
27%
One Way or Another
27%
A Short Film about Killing
20%
Chronicle of Anna Magdalena Bach
20%
Cure
20%
Moonfleet
20%
The Sun Shines Bright
20%

Score Distribution

Percentile by Number Answered

Percent of People with Each Score

Your Score History

You have not taken this quiz